Catalog

Record Details

Catalog Search



Raná péče v rodinách s dětmi s PAS. Návrh koncepce rané péče s využitím současné praxe : absolventská práce Cover Image Book Book

Raná péče v rodinách s dětmi s PAS. Návrh koncepce rané péče s využitím současné praxe : absolventská práce Petra Michalová ; Vedoucí práce: Marie Ortová

Record details

  • Physical Description: 44 s.

Content descriptions

General Note:
<a href="abs/06/michalova_abs.pdf">přístup k plnému textu</a>
Bibliography, etc. Note:
biblogr. s. 44

Available copies

  • 2 of 2 copies available at Common Catalog SPOK.

Holds

  • 0 current holds with 2 total copies.
Show All Copies
Location Call Number / Copy Notes Barcode Shelving Location Status Due Date
Jabok Library ABP-1139 424480019167 Absolventské práce Reference -
Jabok Library ABP-1140 424480019166 Depozitář - Absolv. práce Reference -

Electronic resources

Version of Resource: Zobrazení plného textu


LDR 00829ntm a22 a 4500
00110760
003CZ-PrJAB
00520120316105955.0
008060726s2006 xr e |||| |cze
009cz
035 . ‡a(CONS)10760
035 . ‡aKPS0015378
0410 . ‡acze
10011. ‡712344 ‡aMichalová, Petra
110 2. ‡aJABOK - Vyšší sociálně pedagogická a teologická škola
2451 . ‡aRaná péče v rodinách s dětmi s PAS. Návrh koncepce rané péče s využitím současné praxe : ‡babsolventská práce ‡cPetra Michalová ; Vedoucí práce: Marie Ortová
260 . ‡aPraha ‡c2006
300 . ‡a44 s.
500 . ‡a<a href="abs/06/michalova_abs.pdf">přístup k plnému textu</a>
504 . ‡abiblogr. s. 44
653 . ‡aautismus ‡aPoruchy autistického spektra ‡adiagnostika ‡araná péče ‡arodiny ‡aděti
70011. ‡74205 ‡aOrtová, Marie
85641. ‡uhttp://knihovna.jabok.cz/abp/abs/06/michalova_abs.pdf ‡yZobrazení plného textu
999 . ‡a1139- ‡c1139- ‡i424480019167 ‡tP
999 . ‡a1140- ‡c1140- ‡i424480019166 ‡tP
910 . ‡aABG312
901 . ‡a10760 ‡bUnknown ‡c10760 ‡tbiblio

Additional Resources